Political Governance and Minority Rights (Record no. 13525)

MARC details
000 -LEADER
fixed length control field 00646nam a2200241 a 4500
020 ## - INTERNATIONAL STANDARD BOOK NUMBER
ISBN 9780415550710
082 00 - DEWEY DECIMAL CLASSIFICATION NUMBER
Classification number 323.30954
Author Cutter GHO
100 ## - MAIN ENTRY--AUTHOR NAME
Author name Ghosh, Lipi
245 ## - TITLE STATEMENT
Title Political Governance and Minority Rights
Sub title The South and South-East Asian Scenario
260 ## - PUBLICATION, DISTRIBUTION, ETC. (IMPRINT)
Place of publication London
Name of publisher Routledge Chapman Hall
Year of publication 2009
300 ## - PHYSICAL DESCRIPTION
Number of Pages 349p
500 ## - GENERAL NOTE
General note includes index and biblioraphy
505 2# - FORMATTED CONTENTS NOTE
Formatted contents note Index
650 ## - SUBJECT ADDED ENTRY--TOPICAL TERM
Topical Term Minorities-India
942 ## - ADDED ENTRY ELEMENTS (KOHA)
Koha item type Books
700 1# -
-- Ghosh, Lipi
Holdings
Collection code Home library Current library Date acquired Cost, normal purchase price Full call number Accession Number Koha item type
  Henry Martyn Institute Library Henry Martyn Institute Library 08/09/2012 895.00 323.30954 GHO 023848 Books
                   Copyright © 2026 | Henry Martyn Institute | Hyderabad | TS-500052 | INDIA | Implemented by hmi.edu.in
Hit-Count:

Powered by Koha